| 000 | 02180nam0a2200397 4500 | ||
|---|---|---|---|
| 001 | RU\NLR\bibl\1369371 | ||
| 005 | 20260405200735.0 | ||
| 010 |
_a978-5-86229-115-5 _9200 |
||
| 021 |
_aRU _b2009-21518 _91272 |
||
| 035 | _a(nilc)RSL-KNO-004266729 | ||
| 035 | _a(NLR Aleph) 001361508 | ||
| 090 |
_a984160 _c984160 |
||
| 100 | _a20090318d2008 |||y0rusy50 ca | ||
| 101 | 0 | _arus | |
| 102 | _aRU | ||
| 105 | _aa ||||||||| | ||
| 200 | 1 |
_aФормирование культуры здоровья воспитателя дошкольного образовательного учреждения _eмонография _fКарасёва Т. В., Семёнова А. Ю., Толстова С. Ю. _gФедеральное агентство по образованию, Гос. образовательное учреждение высш. профессионального образования "Шуйский гос. педагогический ун-т", "Межрегиональный аналитический центр "Акме" |
|
| 210 |
_aШуя _cШГПУ _d2008 |
||
| 215 |
_a228 с. _cил., табл. _d21 |
||
| 225 | 1 | _aЗдоровьесберегающие технологии в образовании | |
| 300 | _aНа тит.л. и обл.: К 90-летию образования в Иван. обл. | ||
| 320 | _aБиблиогр.: с. 171-210 | ||
| 606 | 1 |
_aВоспитатели дошкольных учреждений _xПодготовка по валеологии _92113525 _3RU\NLR\AUTH\661580569 |
|
| 686 | 1 | _aЧ479.518.1 | |
| 686 | 1 | _aЧ489.518.1 | |
| 700 | 1 |
_4070 _7ca _8rus _aКарасева _bТ. В. _cд-р мед. наук _f1961- _gТатьяна Вячеславовна _971277 _3RU\NLR\AUTH\7788349 |
|
| 701 | 1 |
_4070 _7ca _8rus _aСеменова _bА. Ю. _cканд. пед. наук _gАнтонина Юрьевна _971276 _3RU\NLR\auth\7788348 |
|
| 701 | 1 |
_aТолстова _bС. Ю. _gСветлана Юрьевна _4070 |
|
| 801 | 0 |
_aRU _bРГБ _c20090318 _grcr |
|
| 801 | 1 |
_aRU _bРГБ _c20090318 |
|
| 801 | 2 |
_aRU _bNLR _c20090515 _grcr |
|
| 942 | _cBOOK | ||
| 980 | _aNB | ||
| 980 | _aNBR | ||